Xifres : Catalunya ... Catalunya ...
Descripción Física:
15 cm
Materias:
Catalunya -- Estadístiques
MARC
| LEADER | 00000nam a2200000Ia 4500 | ||
|---|---|---|---|
| 001 | 13026, 13027, 13028, 13029, 13030, 13031, 10653, 13032, 12697, 14620 | ||
| 008 | 160829s1979 - xx 000 0 cat d | ||
| 080 | |a M-3-312, M-3-313, M-3-314, M-3-315, M-3-316, M-3-317, M-3-318, M-3-319, M-2-352, M-4-247 | ||
| 245 | |a Xifres : |b Catalunya ... | ||
| 260 | |a Barcelona : |b Diputació de Barcelona. Gabinet d'Estudis de la Presidència, |c 1979 - | ||
| 300 | |a 15 cm | ||
| 590 | |a Aquesta obra es publica anualment. Anteriorment portava el títol: 'Xifres: Barcelona - Catalunya'. | ||
| 590 | |a L'edició de l'any 1996 inclou un disquet | ||
| 651 | 0 | |a Catalunya |v Estadístiques |9 55591 | |
| 710 | 1 | |a Barcelona (Catalunya : Província). |b Gabinet d’Estudis de la Presidència |9 54949 | |
| 866 | |a 1979, 1980, 1983, 1985, 1987, 1992, 1994, 1996, 2000, 2002 | ||
| 901 | |a Arxiu | ||
| 942 | |n 1 | ||
| 952 | |0 0 |1 0 |4 0 |6 M3312_M3313_M3314_M3315_M3316_M3317_M3318_M3319_M2352_M4247 |7 1 |9 45191 |a Arxiu |b Arxiu |d 2016-12-01 |l 0 |o M-3-312, M-3-313, M-3-314, M-3-315, M-3-316, M-3-317, M-3-318, M-3-319, M-2-352, M-4-247 |p 13026, 13027, 13028, |r 2016-12-01 00:00:00 |w 2016-12-01 |y ARXIU | ||
| 999 | |c 48263 |d 48263 | ||